Loading...
Religion | 0 | 8 | 0 | 1 | 80 | 55 | 85.63 | 4 | 8 |
Social Science | 0 | 7 | 0 | 1 | 70 | 44 | 81.86 | 5 | 7 |
Other | 0 | 6 | 0 | 2 | 60 | 66 | 99.50 | 3 | 6 |
History - World History | 0 | 5 | 0 | 1 | 50 | 69 | 87.60 | 4 | 5 |
History - American History | 0 | 5 | 0 | 0 | 50 | 42 | 92.20 | 3 | 5 |
Science - Other Science | 0 | 4 | 0 | 0 | 40 | 59 | 82.75 | 2 | 4 |
Philosophy | 0 | 4 | 0 | 0 | 40 | 110 | 122.00 | 0 | 4 |
History - Other History | 0 | 4 | 0 | 1 | 40 | 54 | 111.25 | 2 | 4 |
History - European History | 0 | 4 | 0 | 1 | 40 | 78 | 119.00 | 1 | 4 |
Fine Arts - Other Fine Arts | 0 | 2 | 0 | 0 | 20 | 84 | 99.50 | 1 | 2 |
Fine Arts - Painting & Sculpture | 0 | 2 | 0 | 0 | 20 | 116 | 124.50 | 0 | 2 |
Literature - European Literature | 0 | 2 | 0 | 0 | 20 | 127 | 130.50 | 0 | 2 |
Mythology | 0 | 2 | 0 | 0 | 20 | 59 | 87.00 | 2 | 2 |
Science - Physics | 0 | 2 | 0 | 0 | 20 | 101 | 113.50 | 1 | 2 |
Science - Biology | 0 | 2 | 1 | 0 | 15 | 68 | 79.00 | 2 | 2 |
Literature - American Literature | 0 | 1 | 0 | 0 | 10 | 143 | 143.00 | 0 | 1 |
Literature - World Literature | 0 | 1 | 2 | 1 | 0 | 147 | 147.00 | 0 | 1 |